书目信息 |
| 题名: |
建筑结构吊装
|
|
| 作者: | 梁建智 著 | |
| 分册: | ||
| 出版信息: | 北京 中国建筑工业出版社 1982.12 |
|
| 页数: | 373页 | |
| 开本: | 19cm | |
| 丛书名: | 建筑工人技术丛书 | |
| 单 册: | ||
| 中图分类: | TU758.15 | |
| 科图分类: | ||
| 主题词: | 建筑工程--各种 | |
| 电子资源: | ||
| ISBN: | ||
| 000 | 00632nam0 2200229 45 | |
| 001 | 0181011568 | |
| 005 | 20060220164557.43 | |
| 010 | @dCNY0.94 | |
| 091 | @a15040.4293 | |
| 100 | @a20810111d km y0chiy0120 ea | |
| 101 | 0 | @achi |
| 200 | 1 | @a建筑结构吊装@Ajianzhu jie gou diao zhuang@f梁建智著@Fliang jian zhi |
| 205 | @a3版 | |
| 210 | @a北京@c中国建筑工业出版社@d1982.12 | |
| 215 | @a373页@c图表@d19cm | |
| 225 | @a建筑工人技术丛书 | |
| 410 | 0 | @12001 @a建筑工人技术丛书 |
| 606 | 0 | @a建筑工程@x各种 |
| 690 | @aTU758.15 | |
| 701 | 0 | @a梁建智@4著 |
| 801 | @aCN@bTSTC@c20060220 | |
| 905 | @dTU758.15@f1@b160646@e14@b81517@f1 | |
| 建筑结构吊装/梁建智著.-3版.-北京:中国建筑工业出版社,1982.12 |
| 373页:图表;19cm.-(建筑工人技术丛书) |
| ISBN :CNY0.94 |
| ● |
| 相关链接 |
|
|
|
|
正题名:建筑结构吊装
索取号:TU758.15/14
 
预约/预借
| 序号 | 登录号 | 条形码 | 馆藏地/架位号 | 状态 | 备注 |
| 1 | 0081517 | 001481131 | 第三借阅区/ [索取号:TU758.15/14] | 在馆 | |
| 2 | 0081519 | 202193250 | 密集书库/ [索取号:TU758.15/14] | 在馆 | |
| 3 | 0160646 | 001481202 | 密集书库/ [索取号:TU758.15/14] | 在馆 |